000 00507nam a2200193 4500
001 26222
005 20230410115602.0
008 060907n1995 dr spa
020 _a0881322156
035 _9funglode26420
041 _aEN
050 1 4 _aHF 1455 D476a 1995
100 _aDestler, I. M.
245 1 _aAmerican trade politics /
_cI. M. Destler
250 _a3
260 _aWashington, DC :
_bIntitute for International Economics,
_c1995
300 _axv, 337 p.
942 _2lcc
_cbk
999 _c44109
_d44109